Pokémon - Les attaques de Pandarbare - Statistiques

Statistiques générales
  • Ce quiz a été pris 16 fois
  • Le résultat moyen est 7 sur 16
Statistiques - réponses
Niveaux Types Noms des attaques % Correct
Départ Normal Charge
90%
Niveau 46 Ténèbres Dernier Mot
60%
Niveau 58 Combat Marto-Poing
60%
Niveau 16 Combat Balayette
50%
Départ Combat Cogne
50%
Départ Normal Groz'Yeux
50%
Départ Acier Pisto-Poing
50%
Départ Ténèbres Provoc
50%
Niveau 28 Combat Corps Perdu
40%
Niveau 35 Ténèbres Mâchouille
40%
Niveau 24 Normal Tranche
40%
Niveau 12 Combat Projection
30%
Départ Évolution Ténèbres Tranche-Nuit
30%
Niveau 40 Normal Plaquage
10%
Niveau 20 Normal Rengorgement
10%
Niveau 52 Normal Ten-Danse
10%
Aucun quiz correspondant
Distribution des résultats
% des personnes avec chaque résultat
Percentile par nombre de réponses
Votre historique - résultats
Vous n’avez pas pris ce quiz